000 00471nam a2200181Ia 4500
001 11331
005 20260306162820.0
008 260306t2014||||xx |||||||||||||| ||spa||
041 _aESP
082 _a985.03
_bT74
100 _aTorres Arancivia, Eduardo
_eAUT
245 0 _aCorte de Virreyes:
_bEl entorno del poder en el Perú del siglo XVII
260 _c2014
300 _a284 páginas :
_c20 cm.
650 _aGEN
654 _aCHU
942 _cLIB
_dJUS
_fJUS
_2ddc
_n
999 _c11331
_d11331